|
|
|
|
| LEADER |
01528nim a2200421 a 4500 |
| 001 |
001462913 |
| 003 |
CZ BrMZK |
| 005 |
20150827095606.0 |
| 007 |
sd^ |
| 008 |
150323s2014 xr cze |
| 024 |
3 |
|
|a 8594159390430
|
| 040 |
|
|
|a BOA001
|b cze
|
| 041 |
1 |
|
|d cze
|h eng
|
| 072 |
|
7 |
|a 821.111-3
|x Anglická próza, anglicky psaná
|2 Konspekt
|9 25
|
| 072 |
|
7 |
|a 821-93
|x Literatura pro děti a mládež (beletrie)
|2 Konspekt
|9 26
|
| 080 |
|
|
|a 821.111-32
|2 MRF
|
| 080 |
|
|
|a (086.7.053.2)
|2 MRF
|
| 080 |
|
|
|a (086.7)08
|2 MRF
|
| 080 |
|
|
|a (086.76)
|2 MRF
|
| 100 |
1 |
|
|a Bond, Michael,
|d 1926-2017
|7 jn20001005423
|4 aut
|
| 245 |
1 |
0 |
|a Medvídek Paddington
|h [zvukový záznam] /
|c Michael Bond
|
| 260 |
|
|
|a [Praha] :
|b Mladá fronta :
|b Tympanum,
|c 2014
|
| 300 |
|
|
|a 1 zvuková deska (2 hod. 44 min.) :
|b digital, MP3
|
| 490 |
0 |
|
|a Audioknihy
|
| 500 |
|
|
|a Kompaktní deska
|
| 500 |
|
|
|a Přeloženo z angličtiny
|
| 500 |
|
|
|a Přeložily Dominika a Lucie Křesťanovy
|
| 511 |
0 |
|
|a Čte Tomáš Juřička
|
| 655 |
|
7 |
|a anglické příběhy
|7 fd131813
|2 czenas
|
| 655 |
|
7 |
|a zvukové záznamy pro děti a mládež
|7 fd186726
|2 czenas
|
| 655 |
|
7 |
|a audioknihy
|7 fd119452
|2 czenas
|
| 655 |
|
7 |
|a kompaktní desky
|7 fd201991
|2 czenas
|
| 700 |
1 |
|
|a Juřička, Tomáš,
|d 1960-
|7 xx0060530
|4 stl
|
| 765 |
0 |
|
|t Bear called Paddington
|9 Česky
|
| 910 |
|
|
|a BOA001
|b CDR-1344.259
|
| 990 |
|
|
|a AV
|
| 991 |
|
|
|b 201508
|c NOV
|e db
|
| 996 |
6 |
|
|b 2610628055
|c CDR-1344.259
|l MZK
|r Sklad / do 24 hodin
|n 4
|p p.v.
|w 001498435
|u 000010
|a 1
|e BOA001
|j MZK50
|s P
|